ECONOMIC DEVELOPMENT A REGIONAL INSTITUT (Record no. 7883)

MARC details
000 -LEADER
fixed length control field 00365nam a2200133Ia 4500
008 - FIXED-LENGTH DATA ELEMENTS--GENERAL INFORMATION
fixed length control field 240624s9999 xx 000 0 und d
041 ## - LANGUAGE CODE
Language code of text/sound track or separate title eng
082 ## - DEWEY DECIMAL CLASSIFICATION NUMBER
Classification number 338.9 GRA
100 ## - MAIN ENTRY--PERSONAL NAME
Personal name GRABOWSKI RICHARD
245 ## - TITLE STATEMENT
Title ECONOMIC DEVELOPMENT A REGIONAL INSTITUT
260 ## - PUBLICATION, DISTRIBUTION, ETC.
Date of publication, distribution, etc. 2007
Place of publication, distribution, etc. New Delhi
Name of publisher, distributor, etc. Prentice-Hall of India
300 ## - PHYSICAL DESCRIPTION
Extent xii, : 320 : p. : cm. ; 24
365 ## - TRADE PRICE
Currency code RS
Price amount 36
Holdings
Withdrawn status Lost status Damaged status Not for loan Home library Current library Shelving location Date acquired Source of acquisition Cost, normal purchase price Total Holds Full call number Barcode Date last seen Copy number Price effective from Koha item type
Store Books       IMTN IMTN Rack 13-A 01/01/2008 IBH 295.00 1851 338.9 GRA 7883 06/24/2024 1 06/24/2024 Books
Designed & Maintained by: LRC IMT Nagpur Contact: lrc@imtnag.ac.in© 2024. All Rights Reserved.